Statistics for Tallest Buildings in New York

Click here to take the quiz!

General Stats

  • This quiz has been taken 12 times
  • The average score is 5 of 19

Answer Stats

HeightBuilding% Correct
1,250 ftEmpire State Building
100%
1,776 ft1 World Trade Center
75%
1,046 ftChrysler Building
75%
1,079 ft3 World Trade Center
50%
1,396 ft432 Park Avenue
42%
1,200 ftBank of America Tower
33%
1,268 ft30 Hudson Yards
25%
978 ft4 World Trade Center
25%
927 ft40 Wall Street
17%
915 ftCitigroup Center
17%
1,004 ftOne57
17%
1,046 ftThe New York Times Building
17%
995 ft1 Manhattan West
8%
953 ft220 Central Park South
8%
937 ft30 Park Place
8%
1,009 ft35 Hudson Yards
8%
1,050 ft53W53
8%
952 ft70 Pine Street
8%
912 ft15 Hudson Yards
0%

Score Distribution

Percentile by Number Answered

Percent of People with Each Score

Your Score History

You have not taken this quiz